| 000 | 01412nam a2200301 i 4500 | ||
|---|---|---|---|
| 003 | EG-ScBUE | ||
| 005 | 20231026115909.0 | ||
| 008 | 180212s1984 ua f b 000 0bara d | ||
| 017 | _a1984 / 7409 | ||
| 040 |
_aEG-ScBUE _bara _erda _cEG-ScBUE _dEG-ScBUE |
||
| 082 | 0 | 4 |
_a297.61 _bع ل ي _222 |
| 100 | 1 |
_aعلي، عبد الحميد أحمد محمد، _eمؤلف. |
|
| 245 | 1 | 0 |
_aسلطان العلماء : _bعز الدين بن عبد السلام وجهوده في البحث البلاغي / _cدكتور عبد الحميد أحمد محمد علي، مدرس البلاغة والنقد الأدبي في كلية اللغة العربية بالقاهرة. |
| 250 | _aالطبعة الأولى. | ||
| 264 | 1 |
_a[القاهرة] : _b[اسم الناشر غير محدد]، _c1984. |
|
| 300 |
_a282 صفحة ؛ _c24 سم |
||
| 336 |
_2rdacontent _aنص _btxt |
||
| 337 |
_2rdamedia _aبدون وسيط _bn |
||
| 338 |
_2rdacarrier _aمجلد _bnc |
||
| 504 | _aيشتمل على إرجاعات ببليوجرافية. | ||
| 600 | 1 | 7 |
_aابن عبد السلام، عبد العزيز بن عبد السلام بن أبي القاسم، _dحو. 1182-1262. _2BUEsh |
| 650 | 7 |
_aاللغة العربية _xبلاغة. _2BUEsh _927986 |
|
| 650 | 7 |
_aالفقهاء الشافعية _vتراجم. _2BUEsh |
|
| 651 | _2BUEsh | ||
| 653 |
_bARALIT _bGGEN _cFebruary2018 |
||
| 655 | _vReading book | ||
| 942 | _2ddc | ||
| 999 |
_c26137 _d26109 |
||